<?xml version="1.0" encoding="UTF-8"?><?xml-stylesheet type="text/xsl" href="static/style.xsl"?><OAI-PMH xmlns="http://www.openarchives.org/OAI/2.0/" xmlns:xsi="http://www.w3.org/2001/XMLSchema-instance" xsi:schemaLocation="http://www.openarchives.org/OAI/2.0/ http://www.openarchives.org/OAI/2.0/OAI-PMH.xsd"><responseDate>2026-04-17T22:14:39Z</responseDate><request verb="GetRecord" identifier="oai:www.recercat.cat:10230/43691" metadataPrefix="marc">https://recercat.cat/oai/request</request><GetRecord><record><header><identifier>oai:recercat.cat:10230/43691</identifier><datestamp>2025-12-12T03:05:59Z</datestamp><setSpec>com_2072_6</setSpec><setSpec>col_2072_452952</setSpec></header><metadata><record xmlns="http://www.loc.gov/MARC21/slim" xmlns:dcterms="http://purl.org/dc/terms/" xmlns:xsi="http://www.w3.org/2001/XMLSchema-instance" xmlns:doc="http://www.lyncode.com/xoai" xsi:schemaLocation="http://www.loc.gov/MARC21/slim http://www.loc.gov/standards/marcxml/schema/MARC21slim.xsd">
   <leader>00925njm 22002777a 4500</leader>
   <datafield ind2=" " ind1=" " tag="042">
      <subfield code="a">dc</subfield>
   </datafield>
   <datafield ind2=" " ind1=" " tag="720">
      <subfield code="a">Petraviciene, Inga</subfield>
      <subfield code="e">author</subfield>
   </datafield>
   <datafield ind2=" " ind1=" " tag="720">
      <subfield code="a">Gražulevičienė, Regina</subfield>
      <subfield code="e">author</subfield>
   </datafield>
   <datafield ind2=" " ind1=" " tag="720">
      <subfield code="a">Andrušaitytė, Sandra</subfield>
      <subfield code="e">author</subfield>
   </datafield>
   <datafield ind2=" " ind1=" " tag="720">
      <subfield code="a">Dedele, Audrius</subfield>
      <subfield code="e">author</subfield>
   </datafield>
   <datafield ind2=" " ind1=" " tag="720">
      <subfield code="a">Nieuwenhuijsen, Mark J.</subfield>
      <subfield code="e">author</subfield>
   </datafield>
   <datafield ind2=" " ind1=" " tag="260">
      <subfield code="c">2020-02-24T08:06:30Z</subfield>
   </datafield>
   <datafield ind2=" " ind1=" " tag="260">
      <subfield code="c">2020-02-24T08:06:30Z</subfield>
   </datafield>
   <datafield ind2=" " ind1=" " tag="260">
      <subfield code="c">2018</subfield>
   </datafield>
   <datafield ind2=" " ind1=" " tag="520">
      <subfield code="a">Background: The complex impact of environmental and social factors on preschool children being overweight/obese is unclear. We examined the associations between the levels of green space exposure and the risk of being overweight/obese for 4-6 year-old children and assessed the impact of maternal education on these associations. Methods: This cross-sectional study included 1489 mother-child pairs living in Kaunas, Lithuania, in 2012-2013. We assessed children overweight/obesity by standardized questionnaires using international body mass index cut-off points, and the level of greenness exposures by satellite-derived normalized difference vegetation index (NDVI) of each child&amp;apos;s home and by the distance to a nearest city park. The maternal education was used as the SES indicator. We used logistic regression models to investigate the strength of the associations. Results: Children from families with poorer maternal education, pathological mother-child relations and smoking mothers, and living in areas with less greenness exposure (NDVI-100 m), had significantly higher odds ratios of being overweight/obese. Lower maternal education and distance to a city park modified the effect of greenness cover level exposure on the risk of children being overweight/obese. Conclusions: Higher greenness exposure in the residential settings has beneficial effects on children&amp;apos;s physical development. The green spaces exposures for psychosocial stress management is recommended as a measure to prevent overweight/obesity among children.</subfield>
   </datafield>
   <datafield ind2=" " ind1=" " tag="520">
      <subfield code="a">The study was supported by the European Community’s Seventh Framework Program (FP7/2007−2013) under grant agreement No. 308333—the HELIX project, and the grant of the Lithuanian Agency for Science Innovation and Technology on 13 September 2015, No. 31V-77.</subfield>
   </datafield>
   <datafield tag="653" ind2=" " ind1=" ">
      <subfield code="a">Childhood overweight/obesity</subfield>
   </datafield>
   <datafield tag="653" ind2=" " ind1=" ">
      <subfield code="a">Green spaces</subfield>
   </datafield>
   <datafield tag="653" ind2=" " ind1=" ">
      <subfield code="a">Maternal education</subfield>
   </datafield>
   <datafield tag="653" ind2=" " ind1=" ">
      <subfield code="a">Psychosocial stress</subfield>
   </datafield>
   <datafield ind2="0" ind1="0" tag="245">
      <subfield code="a">Impact of the social and natural environment on preschool-age children weight</subfield>
   </datafield>
</record></metadata></record></GetRecord></OAI-PMH>